Stylistic approaches to pop culture / edited by Christoph Schubert and Valentin Werner. (Record no. 22342)

000 -LEADER
fixed length control field 01898nam a22001937a 4500
020 ## - INTERNATIONAL STANDARD BOOK NUMBER
ISBN 9780367707309
082 ## - DEWEY DECIMAL CLASSIFICATION NUMBER
Classification number 306
Item number St938 2023
245 ## - TITLE STATEMENT
Title Stylistic approaches to pop culture / edited by Christoph Schubert and Valentin Werner.
260 ## - PUBLICATION, DISTRIBUTION, ETC. (IMPRINT)
Place of publication New York, NY :
Name of publisher Routledge,
Year of publication c2023.
300 ## - PHYSICAL DESCRIPTION
Number of Pages 1 online resource, xi, 257 pages :
Other physical details illustrations (some color).
490 ## - SERIES STATEMENT
Series statement Routledge studies in rhetoric and stylistics.
500 ## - GENERAL NOTE
General note Includes bibliographic references and index.
520 ## - SUMMARY, ETC.
Summary, etc This collection showcases the unique potential of stylistic approaches for better understanding the multifaceted nature of pop culture discourse. As its point of departure, the book takes the notion of pop culture as a phenomenon characterized by the interaction of linguistic signs with other modes such as imagery and music to examine a diverse range of genres through the lens of stylistics. Each section is grouped around thematic lines, looking at literary fiction, telecinematic discourse, music and lyrics, as well as cartoons and video games. The 12 chapters analyze different forms of media through five central strands of stylistics, from sociolinguistic, pragmatic, cognitive, multimodal, to corpus-based approaches. In drawing on these various stylistic frameworks and applying them across genres and modes, the contributions offer readers deeper insights into the role of scripted and performed language in social representation and identity construction, thereby highlighting the affordances of stylistics research in studying pop cultural texts. This volume is of particular interest to students and researchers in stylistics, linguistics, literary studies, media studies, and cultural studies.
650 ## - SUBJECT ADDED ENTRY--TOPICAL TERM
Topical Term Popular culture.
650 ## - SUBJECT ADDED ENTRY--TOPICAL TERM
Topical Term Language and language - Style.
700 ## - ADDED ENTRY--PERSONAL NAME
Personal name Schubert, Christoph, 1971-, editor.
700 ## - ADDED ENTRY--PERSONAL NAME
Personal name Werner, Valentin, editor.
942 ## - ADDED ENTRY ELEMENTS (KOHA)
Koha item type Electronic Books
Holdings
Source of acquisition Permanent Location Date acquired Collection code Koha item type Lost status Shelving location Withdrawn status Current Location Full call number
DonationCagayan State University - Carig Library2026-04-16E-BooksElectronic Books E-Resource Section Cagayan State University - Carig Library306 St938 2023

Cagayan State University University Library, Carig Campus
Tuguegarao City, Cagayan 3500 | www.csucarig.edu.ph

Powered by Koha